| 000 | 00512nam a2200181 4500 | ||
|---|---|---|---|
| 001 | 148309 | ||
| 003 | ES-MaACL | ||
| 007 | t| | ||
| 008 | 070214s1983 sp r ||||1| spa d | ||
| 100 | 1 |
_aStorni, Eduardo. _9108335 |
|
| 245 | 1 | 0 |
_aGinastera / _cEduardo Storni. |
| 260 |
_aMadrid : _bEspasa-Calpe, _c1983. |
||
| 300 |
_a212 p. : _bil. ; _c18 cm. |
||
| 490 | 1 | _aMúsicos de nuestro tiempo | |
| 830 | 0 |
_aMúsicos de nuestro tiempo _9187504 |
|
| 852 |
_aES-MaACL _jL-4730 _bR.105351 |
||
| 999 |
_c148309 _d148309 |
||